000 00473nam a2200205Ia 4500
003 OSt
005 20221005120514.0
006 a|||||r|||| 00| 0
007 ta
008 221004b |||||||| |||| 00| 0 eng d
024 _a114855
037 _cTextual
040 _aCRL
_cCRL
_beng
041 _2eng
_aeng
100 _aAsthana B N
_9151256
245 0 _aElement of statistics
260 _c1984
942 _cTEXL
_2cc
999 _c1038297
_d1038297